Міста Волинської області - Statistics

General Stats
  • This quiz has been taken 6 times
  • The average score is 4 of 11
Answer Stats
Group Population(2022) Answer % Correct
Волинська область 215 986 Луцьк
100%
Волинська область 67 575 Ковель
100%
Волинська область 12 477 Камінь-Каширський
50%
Волинська область 2 060 Устилуг
50%
Волинська область 1 630 Берестечко
50%
Волинська область 49 772 Нововолинськ
0%
Волинська область 37 910 Володимир
0%
Волинська область 13 798 Ківерці
0%
Волинська область 12 483 Рожище
0%
Волинська область 10 295 Любомль
0%
Волинська область 8 925 Горохів
0%
No matching quizzes found
Score Distribution
Percent of People with Each Score
Percentile by Number Answered
Your Score History
You have not taken this quiz